Statistics for Arctic Monkeys Lyrics - Do I Wanna Know?

Click here to take the quiz!

General Stats

  • This quiz has been taken 202 times
  • The average score is 323 of 393

Answer Stats

Lyrics% Correct
I
100%
do
99%
do)
99%
(Do
99%
Do
99%
you?
99%
you)
99%
you
99%
go)
97%
the
97%
when
97%
know?)
96%
know)
96%
know
96%
to
96%
To
96%
feel
95%
in
95%
that
95%
That
95%
wanna
95%
a
93%
if
93%
If
93%
your
93%
this
92%
so,
91%
So
91%
we
91%
both
90%
Ever
90%
ever
90%
feelin'
90%
can
89%
got
89%
have
89%
Have
89%
ways?
89%
see
88%
back
86%
flows
86%
me
86%
of
86%
on
86%
night
85%
some
85%
be
84%
Crawlin'
84%
(Crawlin'
84%
crawlin'
84%
it
83%
day
81%
(Had
81%
had
81%
(Sad
81%
tomorrow
81%
an'
80%
can't
80%
for
80%
For
80%
I'm
80%
say
80%
cheeks?
79%
stay
79%
you'd
79%
(Baby,
78%
(Baby
78%
bein'
78%
(Bein'
78%
fall
78%
hopin'
78%
think
78%
too
78%
Too
78%
You've
78%
('Cause
77%
'Cause
77%
I've
77%
thought
77%
as
76%
get
76%
no
76%
made
75%
my
75%
busy)
74%
Busy
74%
busy
74%
colour
74%
few)
74%
few?
74%
things
74%
And
73%
callin',
73%
callin'
73%
always
72%
every
72%
How
72%
like
72%
want
72%
(Was
72%
Was
72%
repeat
71%
new
70%
play
70%
same
70%
sayin'
70%
week
70%
makes
69%
time
69%
yours)
69%
yours
69%
asleep,
68%
nights
68%
somebody
68%
sorta
68%
teeth?
68%
were
68%
what
68%
many
67%
Maybe
67%
(Maybe
67%
you're
67%
about
66%
dreamt
66%
It's
66%
keep?
66%
mainly
66%
there
66%
tune
66%
up
66%
up,
66%
don't
65%
secrets
65%
Until
65%
drinks
64%
found
64%
somehow
64%
together
64%
kiss
63%
sleeve?
63%
wanted
63%
down
62%
just
62%
Now,
62%
deep?
61%
open
61%
spillin'
61%
there's
61%
through
61%
nearly
60%
shuts
60%
sorry
60%
Are
59%
Been
59%
guts?
59%
idea
59%
interrupt
59%
around
58%
But
58%
shift
58%
summat
58%
tryin'
58%
wonderin'
58%
aces
57%
heart's
57%
sticks
57%
still
57%
constantly
56%
pucker
55%
Simmer
55%
settee
54%
cusp
51%
tide
39%
fear
36%
darlin'?
32%

Score Distribution

Percentile by Number Answered

Percent of People with Each Score

Your Score History

You have not taken this quiz